Plastic Beach Tracklist (Gorillaz) - Statistics

General Stats
  • This quiz has been taken 80 times
  • The average score is 13 of 16
Answer Stats
Hint Answer % Correct
13 Plastic Beach(feat. Mick Jones and Paul Simonon)
100%
7 Empire Ants(feat. Little Dragon)
88%
5 Stylo(feat. Mos Def and Bobby Womack)
88%
4 Rhinestone Eyes
87%
1 Orchestral Intro(feat. Sinfonia ViVA)
83%
6 Superfast Jellyfish(feat. Gruff Rhys and De La Soul)
83%
2 Welcome To The World Of The Plastic Beach(feat. Snoop Dogg and Hypnotic Brass Ensemble)
83%
10 On Melancholy Hill
82%
11 Broken
80%
16 Pirate Jet
80%
3 White Flag(feat. Bashy, Kano and The National Orchestra For Arabic Music)
78%
12 Sweepstakes(feat. Mos Def and Hypnotic Brass Ensemble)
72%
14 To Binge (feat. Little Dragon)
68%
15 Cloud Of Unknowing(feat. Bobby Womack and Sinfonia ViVA
65%
8 Glitter Freeze(feat. Mark E Smith)
65%
9 Some Kind Of Nature(feat. Lou Reed)
62%
No matching quizzes found
Score Distribution
Percent of People with Each Score
Percentile by Number Answered
Your Score History
You have not taken this quiz